000 01197nam0a22003131 4500
001 v19\rc\1717072
005 20260406102313.0
035 _a(NLR Aleph) 005230865
090 _a5603908
_c5603908
100 _a20061002d1907 u y0rusy50 ca
101 0 _arus
102 _aRU
105 _aa z |||||
200 1 _aЗолотая пора
_eКнижка для детей мл. возраста
_f[Соч.] А. Николаевой
_gПод ред. Н.В. Т-ва
205 _a2-е изд.
210 _aМосква
_cт-во И.Д. Сытина
_d1907
215 _a24 с., 4 л. цв. ил.
_cил.
_d24
225 1 _aБиблиотека маленьких детей
700 1 _8rus
_7ca
_aЗасодимская
_bА. Н.
_fок.1850-
_gАлександра Николаевна
_3RU\NLR\AUTH\77118157
_9101082
702 1 _4340
_8rus
_7ca
_aТулупов
_bН. В.
_f1863-1939
_gНиколай Васильевич
_3RU\NLR\AUTH\7783904
_966832
801 0 _aRU
_bNLR
_gpsbo
801 0 _aRU
_bRuMoRGB
_2psbo
801 1 _aRU
_bProSoft-M
_2rusmarc
801 2 _aRU
_bNLR
_c20121005
_2rusmarc
852 _aNLR
_j34.52.6.349
899 _aRuMoRGB
_jA 192/50
899 _aБАН
942 _cBOOK
980 _aNB